| 000 -LEADER |
| fixed length control field |
00325nam a22001217a 4500 |
| 003 - CONTROL NUMBER IDENTIFIER |
| control field |
OSt |
| 008 - FIXED-LENGTH DATA ELEMENTS--GENERAL INFORMATION |
| fixed length control field |
140419b xxu||||| |||| 00| 0 eng d |
| 041 ## - LANGUAGE CODE |
| Language code of text/sound track or separate title |
eng |
| 245 10 - TITLE STATEMENT |
| Title |
Webb's Postal Stationery Catalogue of Canada and Newfoundland |
| 260 ## - PUBLICATION, DISTRIBUTION, ETC. (IMPRINT) |
| Place of publication, distribution, etc. |
Toronto, Canada |
| Name of publisher, distributor, etc. |
Unitrade Press |
| 300 ## - PHYSICAL DESCRIPTION |
| Extent |
136 pages |
| 700 1# - ADDED ENTRY--PERSONAL NAME |
| Personal name |
Covert, Earle L. |